书目信息 |
| 题名: |
360度评估反馈法
|
|
| 作者: | ;北森人才管理研究院 著 | |
| 分册: | ||
| 出版信息: | 北京 中国经济出版社 2013.8 |
|
| 页数: | 343页 | |
| 开本: | 24cm | |
| 丛书名: | ||
| 单 册: | ||
| 中图分类: | F272.92 | |
| 科图分类: | ||
| 主题词: | 企业管理--人才管理--研究 , 企业管理 , 人才管理 | |
| 电子资源: | ||
| ISBN: | 978-7-5136-2514-2 | |
| 000 | 01054nam0 2200277 450 | |
| 001 | 5 | |
| 005 | 20140909091855.96 | |
| 010 | @a978-7-5136-2514-2@dCNY59.00 | |
| 100 | @a20130929d2013 em y0chiy50 ea | |
| 101 | 0 | @achi |
| 102 | @aCN@b110000 | |
| 105 | @ay z 000yy | |
| 106 | @ar | |
| 200 | 1 | @a360度评估反馈法@A360 Du Ping Gu Fan Kui Fa@e人才管理的关键技术@ERen Cai Guan Li De Guan Jian Ji Shu@f北森人才管理研究院著@FBei Sen Ren Cai Guan Li Yan Jiu Yuan Zhu |
| 210 | @a北京@c中国经济出版社@d2013.8 | |
| 215 | @a343页@d24cm | |
| 300 | @a人才管理典藏书系 | |
| 330 | @a本书从人才管理业务出发,以体系化的视角论述了360度评估反馈在领导力发展、继任计划、绩效考核以及企业文化中发挥的作用,以及如何将其作用最大化。 | |
| 517 | 1 | @a人才管理的关键技术@ARen Cai Guan Li De Guan Jian Ji Shu |
| 606 | 0 | @a企业管理@x人才管理@x研究 |
| 606 | 0 | @a企业管理 |
| 606 | 0 | @a人才管理 |
| 690 | @aF272.92@v5 | |
| 711 | 02 | @a北森人才管理研究院@ABei Sen Ren Cai Guan Li Yan Jiu Yuan@4著 |
| 801 | 0 | @aCN@bTANGWEI@c20140603 |
| 905 | @b0839065-67@dF272.92@e1040@f3 | |
| 360度评估反馈法:人才管理的关键技术/北森人才管理研究院著.-北京:中国经济出版社,2013.8 |
| 343页;24cm |
| 人才管理典藏书系 |
| ISBN 978-7-5136-2514-2:CNY59.00 |
| 本书从人才管理业务出发,以体系化的视角论述了360度评估反馈在领导力发展、继任计划、绩效考核以及企业文化中发挥的作用,以及如何将其作用最大化。 |
| ● |
| 相关链接 |
|
|
|
|
正题名:360度评估反馈法
索取号:F272.92/1040
 
预约/预借
| 序号 | 登录号 | 条形码 | 馆藏地/架位号 | 状态 | 备注 |
| 1 | 0839065 | 208390659 | 第一样本阅览室/ [索取号:F272.92/1040] | 在馆 | |
| 2 | 0839066 | 208390668 | 第一借阅区/ [索取号:F272.92/1040] | 在馆 | |
| 3 | 0839067 | 208390677 | 密集书库-海洋学院/ [索取号:F272.92/1040] | 在馆 |